| 000 | 02115nam0a2200481 4500 | ||
|---|---|---|---|
| 001 | RU\NLR\bibl\128909 | ||
| 005 | 20260406030401.0 | ||
| 010 |
_a5-900059-03-0 _910000 |
||
| 021 |
_aRU _b2000-38149 _91758 |
||
| 035 | _a(NLR Aleph) 000126296 | ||
| 090 |
_a720400 _c720400 |
||
| 100 | _a20001204d2000 |||y0rusy50 ca | ||
| 101 | 1 |
_arus _ceng |
|
| 102 | _aRU | ||
| 105 | _aa ||||||||| | ||
| 200 | 1 |
_aСправочник по витаминам и минеральным веществам _eПер. с англ. _fЭрл Минделл |
|
| 210 |
_aМ. _cМедицина и питание _d2000 |
||
| 215 |
_a378,[14] с. _cцв. ил. _d21 |
||
| 320 | _aПредм. указ.: с. 378-392 | ||
| 320 | _aБиблиогр.: с. 370-374 | ||
| 606 | 0 |
_aФолиевая кислота _jСправочники _91284594 _3RU\NLR\auth\66212526 |
|
| 606 | 0 |
_aЖелудочно-кишечный тракт _jСправочники _xБолезни _xЛечебное питание _92080573 _3RU\NLR\auth\661256514 |
|
| 606 | 0 |
_aМинеральные элементы в питании _jСправочники _91639653 _3RU\NLR\auth\66725005 |
|
| 606 | 0 |
_aМинеральные элементы _jСправочники _xПрименение в питании _92080574 _3RU\NLR\auth\661256515 |
|
| 606 | 0 |
_aПищевые добавки _jСправочники _91027830 _3RU\NLR\auth\66393682 |
|
| 610 | 0 | _aВитамины - Справочники | |
| 610 | 0 | _aПищевые добавки - Справочники | |
| 610 | 0 | _aСправочники - витамины | |
| 610 | 0 | _aСправочники - пищевые добавки | |
| 675 |
_a615.356(035.5) _v3 _zrus |
||
| 686 |
_a76.31 _2rugasnti |
||
| 686 |
_a52.81я2 _2rubbk |
||
| 686 | _aР123.025я22 | ||
| 686 | _aР123.027я22 | ||
| 686 | _aР123.512я22 | ||
| 700 | 1 |
_4070 _8rus _7ca _aМинделл _bЭ. _gЭрл _3RU\NLR\auth\77676 _9110717 |
|
| 801 | 0 |
_aRU _bRKP _c20001204 _gPSBO |
|
| 801 | 1 |
_aRU _bRKP _c20001204 |
|
| 801 | 2 |
_aRU _bNLR _c20060210 _grcr |
|
| 852 |
_aNLR _j2000-3/17692 |
||
| 942 | _cBOOK | ||
| 980 | _aNB | ||